000 00563nam a22001817a 4500
003 UA-OsUOA
001 14911
007 ta
008 20031025b un ||||| |||| 00| 0 ukr d
100 _aОлексин В.
942 _cSA
040 _aUA-OsUOA
_cUA-OsUOA
_dUA-OsUOA
245 _aНа гребені часу: [Про Сарнен. вище проф.-техн. уч-ще № 22]
300 _aС.4
955 _a0
773 0 _w0
_tСарненські новини
_dСарни
_d2003
_g№74/75/ 31 лип./
650 7 _aКраєзнавча робота
_2UDC
999 _c301075
_d301075